Using & Managing PPP (Record no. 39082)
[ view plain ]
| 000 -LEADER | |
|---|---|
| fixed length control field | 00354nam a2200157Ia 4500 |
| 020 ## - INTERNATIONAL STANDARD BOOK NUMBER | |
| ISBN | 81-7366-094-8 |
| 082 ## - DEWEY DECIMAL CLASSIFICATION NUMBER | |
| Classification number | 510.7834 |
| 100 ## - MAIN ENTRY--AUTHOR NAME | |
| Personal name | Sun, Andrew |
| 245 #0 - TITLE STATEMENT | |
| Title | Using & Managing PPP |
| 250 ## - EDITION STATEMENT | |
| Edition statement | - |
| 260 ## - PUBLICATION, DISTRIBUTION, ETC. (IMPRINT) | |
| Place of publication | Beijing |
| Name of publisher | Shroff Publishers & Distributers Pvt. Ltd. |
| 300 ## - PHYSICAL DESCRIPTION | |
| Number of Pages | 430 |
| 500 ## - GENERAL NOTE | |
| General note | 2456 |
| 650 ## - SUBJECT ADDED ENTRY--TOPICAL TERM | |
| Topical Term | Computer Science |
| 942 ## - ADDED ENTRY ELEMENTS (KOHA) | |
| Koha item type | Books |
| Withdrawn status | Lost status | Collection code | Home library | Current library | Date acquired | Source of acquisition | Cost, normal purchase price | Full call number | Accession Number | Koha item type | Department |
|---|---|---|---|---|---|---|---|---|---|---|---|
| Reference | Modern College of Arts, Science and Commerce (Autonomous), Shivajinagar, Pune-5 | Modern College of Arts, Science and Commerce (Autonomous), Shivajinagar, Pune-5 | 21/07/2000 | Technical Book Services | 240.00 | 005.71376/SUN | O53927 | Books | Computer Science |
